| 000 | 01565 a2200241 4500 | ||
|---|---|---|---|
| 999 |
_c10856 _d10856 |
||
| 020 | _a9780815346524 (hardback) | ||
| 050 | 0 | 0 |
_aHV640.5 _bMEN 2019 |
| 100 | 1 |
_a _eauthor. |
|
| 245 | 1 | 0 |
_aRefugee governance, state and politics in the Middle East / _c |
| 264 | 1 |
_aLondon ; _aNew York : _bRoutledge Taylor & Francis Group, _c2019. |
|
| 300 |
_axi, 284 pages : _billustrations ; |
||
| 336 |
_atext _btxt _2rdacontent |
||
| 337 |
_aunmediated _bn _2rdamedia |
||
| 338 |
_avolume _bnc _2rdacarrier |
||
| 504 | _aIncludes bibliographical references and index. | ||
| 505 | 0 | _aThe literature on state responses to mass migration in the global South -- Categorizations and models for comparative analysis of refugee migration governance -- Patterns and stages of refugee governance in Turkey -- Understanding the shifts in refugee governance and refugee politics of Turkey -- Lebanon's responses to Syrian mass migration -- Forces behind Lebanese governance patterns and refugee politics -- Jordanian national refugee governance and its responses to Syrian mass migration -- Drivers of Jordanian refugee governance and refugee politics -- Comparison of refugee governance in Turkey, Lebanon and Jordan. | |
| 650 | 0 | _aRefugees | |
| 650 | 0 |
_aRefugees _xGovernment policy |
|
| 650 | 0 |
_aRefugees _xGovernment policy |
|
| 650 | 0 |
_aRefugees _xGovernment policy |
|
| 942 |
_2lcc _cBK _h640.5 _iMEN _kHV |
||